000 00694na a2200241 4500
001 19141
003 MIRAKIL
005 20181213155051.0
008 170116b tu 000 0
020 _a9757760110
040 _aMilas
_btur
_cTR-AnCHP
041 _atur
082 _a378.9561
_bM87e 1997
090 _a378.9561 M87e 1997
100 _aMutlu, Latif
245 _aEğitim düşünceleri dünyada ve Türkiye'de yükseköğretim
_cLatif Mutlu
260 _aİstanbul
_bAna Yayıncılık
_c1997
300 _a296 s.
_btbl.
_c21 sm.
500 _aYapıt yazarından imzalıdır.
500 _aKaynakça var.
650 _aEğitim
_xYükseköğretim
_zTürkiye
942 _2dcc
_cBKS
999 _c5939
_d5939